| 000 | 00726nam a2200217 i 4500 | ||
|---|---|---|---|
| 001 | 22763 | ||
| 003 | ES-MaACL | ||
| 005 | 20250911222624.0 | ||
| 007 | t| | ||
| 008 | 021204s1986 sp ||||1| spa d | ||
| 020 | _a84-7644-012-X | ||
| 100 | 1 |
_aAlonso de Santos, José Luis, _d1942- _920291 |
|
| 245 | 1 | 0 |
_aBajarse al moro / _cJosé Luis Alonso de Santos ; [prólogo de Eduardo Haro Tecglen]. |
| 260 |
_aMadrid : _bAntonio Machado, _c1986. |
||
| 300 |
_a94 p. ; _c17 cm. |
||
| 490 | 1 |
_aBiblioteca Antonio Machado de teatro ; _v8 |
|
| 700 | 1 |
_aHaro Tecglen, Eduardo, _d1924-2005 _961879 |
|
| 830 | 1 |
_aBiblioteca Antonio Machado de teatro ; _v8 _9178191 |
|
| 852 |
_aES-MaACL _jL-12541 |
||
| 999 |
_c22763 _d22763 |
||